Batuan, mineral dan fosil (Record no. 41782)

MARC details
000 -LEADER
fixed length control field 00704nam a2200265 i 4500
001 - CONTROL NUMBER
control field C2-0132952
003 - CONTROL NUMBER IDENTIFIER
control field PPAK
005 - DATE AND TIME OF LATEST TRANSACTION
control field 20180727123222.0
008 - FIXED-LENGTH DATA ELEMENTS--GENERAL INFORMATION
fixed length control field 971101s1995 my a|||| ||||| | may d
020 ## - INTERNATIONAL STANDARD BOOK NUMBER
International Standard Book Number 9676719641
040 ## - CATALOGING SOURCE
Original cataloging agency PPAK
Language of cataloging eng
Transcribing agency PPAK
Description conventions rda
082 04 - DEWEY DECIMAL CLASSIFICATION NUMBER
Classification number 551
Edition number 23
090 00 - LOCALLY ASSIGNED LC-TYPE CALL NUMBER (OCLC); LOCAL CALL NUMBER (RLIN)
Classification number (OCLC) (R) ; Classification number, CALL (RLIN) (NR) 551
Feature heading LYE
Feature heading RK
100 1# - MAIN ENTRY--PERSONAL NAME
Personal name Lye, Keith,
Relator term author
245 10 - TITLE STATEMENT
Title Batuan, mineral dan fosil
264 #1 - PRODUCTION, PUBLICATION, DISTRIBUTION, MANUFACTURE, AND COPYRIGHT NOTICE
Place of production, publication, distribution, manufacture Selangor :
Name of producer, publisher, distributor, manufacturer Wisma Delta ,
Date of production, publication, distribution, manufacture, or copyright notice 1995
300 ## - PHYSICAL DESCRIPTION
Extent 48 pages :
Other physical details illustrations ;
Dimensions 27 cm
336 ## - CONTENT TYPE
Source rdacontent
Content type term text
337 ## - MEDIA TYPE
Source rdamedia
Media type term unmediated
338 ## - CARRIER TYPE
Source rdacarrier
Carrier type term volume
490 1# - SERIES STATEMENT
Series statement Dunia kita
650 10 - SUBJECT ADDED ENTRY--TOPICAL TERM
Topical term or geographic name entry element Mineralogy-Juvenile literature
830 #0 - SERIES ADDED ENTRY--UNIFORM TITLE
Uniform title Dunia kita
942 ## - ADDED ENTRY ELEMENTS (KOHA)
-- dc
Koha item type Book
Holdings
Withdrawn Not for loan Current library Shelving location Date acquired Full call number Barcode Date last seen Koha item type Total Checkouts
  Not For Loan Perpustakaan Alor Setar Rujukan Kanak-kanak 01/11/1997 RK 551 LYE A00083995 08/05/2018 Book  
  Not For Loan Perpustakaan Awam Sungai Petani Rujukan Kanak-kanak 28/02/2004 RK 551 LYE A00427855 08/05/2018 Book  
  Not For Loan Perpustakaan Jitra Rujukan Kanak-kanak 27/05/2004 RK 551 LYE A00850201 08/05/2018 Book  
  Not For Loan Perpustakaan Kulim Rujukan Kanak-kanak 11/02/2004 RK 551 LYE A00340902 08/05/2018 Book  
  Not For Loan Perpustakaan Kulim Rujukan Kanak-kanak 11/02/2004 RK 551 LYE A00340900 08/05/2018 Book  
  Not For Loan Perpustakaan Yan Rujukan Kanak-kanak 11/02/2004 RK 551 LYE A00163571 08/05/2018 Book